|
|
|
|
| LEADER |
00000nam0a2200000 4500 |
| 001 |
310240 |
| 005 |
20241010132728.0 |
| 020 |
|
|
|a RU
|b 82-3796
|
| 035 |
|
|
|a (RuTPU)RU\TPU\book\335589
|
| 090 |
|
|
|a 310240
|
| 100 |
|
|
|a 20151123d1981 m y0rusy5003 ca
|
| 101 |
0 |
|
|a rus
|
| 102 |
|
|
|a RU
|
| 105 |
|
|
|a a j 001zy
|
| 200 |
1 |
|
|a Основы автоматизации производства на горных предприятиях
|e учебник для техникумов
|f В. П. Бухгольц
|
| 210 |
|
|
|a Москва
|c Недра
|d 1981
|
| 215 |
|
|
|a 264 с.
|c ил.
|
| 320 |
|
|
|a Библиогр.: с. 255-256
|
| 606 |
|
|
|a Горная промышленность, предприятия
|x Автоматизация
|x Технико-экономические показатели
|2 stltpush
|3 (RuTPU)RU\TPU\subj\7474
|9 35116
|
| 610 |
1 |
|
|a горные работы
|
| 610 |
1 |
|
|a автоматика
|
| 610 |
1 |
|
|a элементы
|
| 610 |
1 |
|
|a средства автоматизации
|
| 610 |
1 |
|
|a приборы
|
| 610 |
1 |
|
|a телемеханические системы
|
| 610 |
1 |
|
|a проходческие машины
|
| 610 |
1 |
|
|a буровые машины
|
| 610 |
1 |
|
|a подъемные установки
|
| 610 |
1 |
|
|a компрессорные установки
|
| 610 |
1 |
|
|a обогатительное оборудование
|
| 610 |
1 |
|
|a горнорудное оборудование
|
| 610 |
1 |
|
|a учебники
|
| 675 |
|
|
|a 622.012:65.011.5(075.3)
|z rus
|v 3
|
| 700 |
|
1 |
|a Бухгольц
|b В. П.
|g Валентин Петрович
|4 070
|
| 801 |
|
0 |
|a RU
|b RuMRKP
|c 19950704
|g psbo
|
| 801 |
|
1 |
|a RU
|b 63413507
|c 20151123
|
| 801 |
|
2 |
|a RU
|b 63413507
|c 20190905
|g RCR
|
| 942 |
|
|
|c BK
|